00237nam a22000857a 4500020001500000082001300015245007000028260003100098300002200129 a1851682597 a299bWIS aThe Wisdom of Confucians /cCompiled by Zhou Xun and T.H. Barrett aOxford :bOneworld,c2001. a191 p. ;c15 cm..